|
|
|
|
| LEADER |
00000nab a2200000 a 4500 |
| 001 |
vtls000555219 |
| 003 |
SK-MaSNL |
| 005 |
20260426090404.0 |
| 008 |
120929c1995 xo 0 slo |
| 015 |
|
|
|a SNBRB19rr/mm-uuuuu
|
| 035 |
|
|
|a CL0555357
|
| 040 |
|
|
|a SNKBUCL
|b slo
|c SNKBUCL
|e AACR2
|
| 041 |
0 |
|
|a slo
|
| 044 |
|
|
|a xo
|c SK
|
| 080 |
|
|
|a 943.76:355"1526/1711"
|x (048)
|2 1981
|
| 080 |
|
|
|a 355.48
|x (437.6)
|x "15/17"
|x (048)
|2 1981
|
| 100 |
1 |
|
|a Čaplovič, Dušan,
|d 1946-2025
|4 aut
|9 105506
|
| 245 |
1 |
0 |
|a Dve storočia náboženských vojen
|b Nad druhým zväzkom Vojenských dejín Slovenska
|c Dušan Čaplovič
|
| 648 |
|
7 |
|a 1526-1711
|2 snkbucl
|9 749352
|
| 648 |
|
7 |
|a 16.-18. stor.
|2 snkbucl
|9 309930
|
| 650 |
0 |
7 |
|a vojenstvo
|2 snkbucl
|9 22591
|
| 650 |
0 |
7 |
|a náboženské vojny
|2 snkbucl
|9 79025
|
| 650 |
0 |
7 |
|a vojenské dejiny
|2 snkbucl
|9 70411
|
| 651 |
|
7 |
|a Slovensko
|2 snkbucl
|9 14231
|
| 655 |
|
7 |
|a recenzie
|2 snkbucl
|9 21907
|
| 773 |
0 |
|
|t Pravda
|g Roč. 5, č. 183 (8. 8. 1995), s. 5
|
| 787 |
0 |
8 |
|i Rec.:
|a Dangl, Vojtech, 1937-
|t Vojenské dejiny Slovenska. II. zväzok
|d Bratislava : Ministerstvo obrany SR, 1995
|
| 787 |
0 |
8 |
|i Rec.:
|a Kopčan, Vojtech, 1937-
|t Vojenské dejiny Slovenska. II. zväzok
|d Bratislava : Ministerstvo obrany SR, 1995
|
| 850 |
|
|
|a Slovenská národná knižnica v Martine
|a MTA001
|
| 852 |
|
|
|a SNK
|b KIS3GCP
|
| 958 |
|
|
|a RC
|
| 999 |
|
|
|c 2989565
|d 2991495
|